Estadísticas para Geografía - Cierto o Falso #3

Haz click aquí para intentar la prueba.

Estadísticas generales

  • Esta prueba ha sido intentada 86 veces
  • La puntuación promedio es 10 de 16

Estadísticas de respuestas

PreguntaRespuesta% Correcto
La mayor parte de Groenlandia está cubierta por una capa de hieloCierto
92%
Suiza no tiene salida al marCierto
92%
Tanzania está en la costa este de ÁfricaCierto
84%
Indonesia es más poblada que VietnamCierto
80%
Las Islas Caimán son un país independienteFalso
80%
Turquía forma parte de la OTANCierto
72%
Lagos es la capital de NigeriaFalso
72%
La frontera entre México y Texas está formada por el río GrandeCierto
68%
El hindi y el urdu son lenguas estrechamente relacionadas.Cierto
62%
La "s" de Cannes es mudaCierto
61%
La montaña más alta de Estados Unidos está en ColoradoFalso
54%
Los Acantilados Blancos de Dover a veces son visibles desde FranciaCierto
53%
Estados Unidos exporta más de lo que importaFalso
46%
Crimea está situada en el Mar CaspioFalso
45%
Moscú es la zona urbana más poblada cuyo nombre empieza por la letra MFalso
41%
Nieva en HawaiCierto
34%

Distribución de puntuación

Porcentaje por número respondido

Porcentaje de gente con cada puntuación

Historial de tus puntuaciones

No has intentado esta prueba.